000 00300nam a2200133Ia 4500
005 20251222152717.0
008 251222s9999||||xx |||||||||||||| ||spa||
020 _a9788792786371
082 _a305.898.08/V48
100 _aVerese, Stefano
245 0 _aSelva Vida:
264 _bIwgia
942 _cLIB
999 _c29431
_d29431